000 01147cam a2200205 4500
001 WB3927-14
008 030717n2003 000 0 eng u
035 _a(Sirsi) u123037
245 _aPlanning key to homes delivery
260 _c2003
490 _aODPM News Release
_v(2003/0137) 17 July 2003 (3)
520 _aThe ODPM has launched two consultation documents outlining proposed changes to planning policy guidance for housing (PPG3). The first document deals with unneeded employment and commercial sites and the second proposes changes concerning the size, type and affordability of housing. The aim is to ensure homes are provided at the right time, in the right place. Research into PPG3 can be found at http://www.odpm.gov.uk. The consultation documents are downloadable from the above site and the consultation period ends 31 October 2003. http://www.odpm.gov.uk/pns/DisplayPN.cgi?pn_id=2003_0137
590 _aWB
650 _aAffordable housing
_96215
650 _aPPG3
650 _aHOUSING SUPPLY
650 _aCONSULTATION DOCUMENTS
690 _aENVIRONMENTAL AND LAND CONSULTANCY-PLANNING AND DEVELOPMENT
942 _n0
999 _c73065
_d73065